000 00408nam a2200181Ia 4500
005 20250603145217.0
008 250603s9999 xx 000 0 und d
020 _a9789785621938
050 _aKP 110 .N8/
100 _aNuhu, Liman Abdullahi
245 0 _aIslamic Law of Inheritance
260 _aLagos
260 _bMalthouse
260 _c2018
300 _a182 p
650 _aLagos
942 _cBK
999 _c41199
_d41199